000 00530nmm a2200181Ia 4500
008 251105s9999||||xx |||||||||||||||||und||
020 _a9789587384802
041 _aspa
100 _aUribe, María Victoria
245 0 _aAristas del conflicto colombiano
264 _a[Bogotá, Colombia] :
_bUniversidad del Rosario,
_c2014
300 _a168 páginas
650 _aLaw
700 _aUribe, María Victoria
700 1 _a Forero, Ana María (eds.)
856 _uhttps://public.digitaliapublishing.com/a/46316
942 _cCF
999 _c72158
_d72158